El arte moderno americano (Record no. 30380)

MARC details
000 -LEADER
campo de control de longitud fija 00624nam a2200181 i 4500
001 - NÚMERO DE CONTROL
campo de control 30380
003 - IDENTIFICADOR DE NÚMERO DE CONTROL
campo de control ES-MaACL
005 - FECHA Y HORA DE LA ÚLTIMA TRANSACCIÓN
campo de control 20230906154202.0
007 - CAMPO FIJO DE DESCRIPCIÓN FÍSICA--INFORMACIÓN GENERAL
campo de control de longitud fija t|
008 - DATOS DE LONGITUD FIJA--INFORMACIÓN GENERAL
campo de control de longitud fija 030124s1958 sp ||||1| spa d
100 1# - ENTRADA PRINCIPAL--NOMBRE DE PERSONA
Nombre de persona Baur, John I. H.
9 (RLIN) 26608
245 13 - MENCIÓN DEL TÍTULO
Título El arte moderno americano
Resto del título : cincuenta pintores del siglo XX /
Mención de responsabilidad, etc. por John I.H. Baur ; traducción Carlos Soldevilla ; revisión A. Cirici-Pellicer.
260 ## - PUBLICACIÓN, DISTRIBUCIÓN, ETC.
Lugar de publicación, distribución, etc. Barcelona :
Nombre del editor, distribuidor, etc. Rauter,
Fecha de publicación, distribución, etc. [1958]
300 ## - DESCRIPCIÓN FÍSICA
Extensión 280 p., 40 lám. :
Otras características físicas il. ;
Dimensiones 31 cm.
700 1# - ENTRADA AGREGADA--NOMBRE PERSONAL
Nombre de persona Soldevilla, Carlos.
9 (RLIN) 107112
700 1# - ENTRADA AGREGADA--NOMBRE PERSONAL
Nombre de persona Cirici, Alexandre.
9 (RLIN) 38890
852 ## - LOCALIZACIÓN
Ubicación ES-MaACL
Número de control de estantería C-15057
Sublocalización o colección R.43042
Holdings
Estatus retirado Estado de pérdida Estado de daño No para préstamo Biblioteca de origen Biblioteca actual Ubicación en estantería Fecha de adquisición Fuente de adquisición Total de préstamos Signatura topográfica completa Código de barras Visto por última vez Precio de reemplazo Tipo de ítem Koha
        Biblioteca del Ateneo de Madrid Biblioteca del Ateneo de Madrid Ficheros 17/01/2008     C-15057 1031362 23/02/2023 23/02/2023 Libro impreso